000 01143nam a22002411a 4500
001 18885
003 OSt
005 20260204212426.0
008 181018s2018||||dr ||||||b||||||||||spa||
090 _aEDU-IN 2018 D41
100 1 _aDíaz García, María Antonia
_esustentante
245 1 _aIncidencia de la expresión musical en el aprendizaje de los niños del nivel inicial en el Distrito 16-02/María Antonia Díaz García, Eridania Rosario Paredes y Rosaura Morillo Guerra. ; asesor Ángela Merejo Medrano
260 _aCotuí, República Dominicana :
_bUTECO,
_c2018
300 _a64 hojas :
_bIlustraciones ;
_c28cm.
502 _aTrabajo de grado (Licenciatura en Educación Inicial)--Universidad Tecnológica del Cibao Oriental, 2018
504 _aIncluye referencia bibliográfica e índice
650 4 _aIncidencia de la expresión musical en el aprendizaje
700 1 _aEridania Rosario Paredes,
_esustentante
700 1 _aRosaura Morillo Guerra,
_esustentante
700 1 _aÁngela Merejo Medrano,
_easesor
830 _aTesis y disertaciones académicas (Universidad Tecnológica del Cibao Oriental)
942 _2LC
_cTH
999 _c18885
_d18885